| 000 | 00553nam a22001577a 4500 | ||
|---|---|---|---|
| 003 | OSt | ||
| 005 | 20240415164520.0 | ||
| 008 | 240415b |||||||| |||| 00| 0 eng d | ||
| 040 | _cMRSPTU | ||
| 100 | _aMegh Rai Mitter (ਮੇਘ ਰਾਜ ਮਿੱਤਰ) | ||
| 245 |
_aThe History of Time (ਸਮੇਂ ਦਾ ਇਤਿਹਾਸ _bStory of Universe and Human Evolution (ਬਿੱਗ ਬੈਂਗ ਤੋਂ ਬਿੱਗ ਕਰੰਚ ਤੱਕ) |
||
| 250 | _a1st | ||
| 260 |
_aPunjab _bTarkbharti Parkashan _c2001 |
||
| 300 | _a106 | ||
| 942 |
_2ddc _cBK _n0 |
||
| 999 |
_c10040 _d10040 |
||